Personální strategie krok za krokem

Guardado en:
Detalles Bibliográficos
Autor principal: Hanzelková, Alena
Otros Autores: Keřkovský, Miloslav, Kostroň, Lubomír
Formato: Libro
Lenguaje:checo
Publicado: Praha C. H. Beck 2013
Colección:C. H. Beck pro praxi
Materias:
Etiquetas: Agregar Etiqueta
Sin Etiquetas, Sea el primero en etiquetar este registro!

MARC

LEADER 00000nam a2200000 4500
001 0165960
005 20240313133334.5
020 |a 978-80-7179-564-3 
041 0 |a cze 
044 |a CZ 
245 1 0 |a Personální strategie  |b krok za krokem  |c Alena Hanzelková, Miloslav Keřkovský, Lubomír Kostroň 
264 1 |a Praha  |b C. H. Beck  |c 2013 
300 |a 159 s. 
490 1 |a C. H. Beck pro praxi 
830 0 |a C. H. Beck pro praxi 
610 2 0 |a riadenie podnikové 
610 2 0 |a riadenie strategické 
610 2 0 |a stratégia podniková 
610 2 0 |a stratégia obchodná 
610 2 0 |a riadenie ľudských zdrojov 
610 2 0 |a personalistika 
610 2 0 |a výber pracovníkov 
610 2 0 |a motivácia pracovná 
610 2 0 |a riadenie personálne 
100 1 |a Hanzelková, Alena 
700 1 |a Keřkovský, Miloslav 
700 1 |a Kostroň, Lubomír